| 000 | 00607nam a2200193Ia 4500 | ||
|---|---|---|---|
| 005 | 20250508165707.0 | ||
| 008 | 008 250505s9999 xx 000 0 eng d | ||
| 037 | _aTextual | ||
| 040 |
_aFEDL _beng _cFEDL |
||
| 041 |
_aeng _2eng |
||
| 084 |
_a575.0162, DAR _qFEDL |
||
| 100 | _aDarwin Charles | ||
| 245 | 0 | _aOrigin Species by means of natural selection or the preservation of favoured races in the struggle for life | |
| 260 |
_aNew York, USA _bNew American Library _c1985 |
||
| 300 | _axv,448p. | ||
| 365 |
_aINR _b140 |
||
| 942 |
_cTEXL _h575.0162, DAR |
||
| 999 |
_c1396793 _d1396793 |
||